000 03813cam a22012854i 4500
003 PE-LiUPU
005 20250813185546.0
008 150706s2008 ag rb 000 0 spa d
020 _a9789506415259
035 _a(Sirsi) i9789506415259
040 _aPE-LiUPU
_bspa
_cPE-LiUPU
_erda
049 _aPRUA
082 0 4 _a378.199
_bA47
_221
100 1 _aAlles, Martha Alicia,
_eautor.
245 1 0 _a200 modelos de currículum /
_cMartha Alicia Alles.
246 3 _aDoscientos modelos de currículum
250 _a2a
264 1 _aBuenos Aires :
_bGranica,
_c2008.
300 _a292 páginas ;
_c23 cm.
336 _atext
_2rdacontent
337 _aunmediated
_2rdamedia
338 _avolume
_2rdacarrier
504 _aIncluye bilbiografía.
505 0 _a¿Por qué y para qué hicimos 200 modelos de currículum? -- Qué puede y qué no puede hacer un currículum -- Cómo describir trabajos -- Cómo completar sus datos personales en un sitio de Internet -- Ejemplos de currículum -- Ejemplos de currículum vítae -- Área alta gerencia -- Área administrativa y finanzas -- Área comercial -- Área Sistemas e informática -- Área industrial -- Área de Recursos Humanos -- Área Relaciones Públicas, Institucionales y legales -- Área comercio exterior -- Secretarias -- Los jóvenes -- Bancos -- Hoteles -- Educación -- Salud -- Agro -- Profesiones (misceláneas.).
526 _aP202
526 _aP201
526 _aP163
526 _aP162
526 _aP161
526 _aP160
526 _aP148
526 _aP147
526 _aP146
526 _aP145
526 _aP144
526 _aP143
526 _aP142
526 _aP141
526 _aP140
526 _aP139
526 _aP138
526 _aP137
526 _aP136
526 _aP135
526 _aP134
526 _aP133
526 _aP129
526 _aP128
526 _aP127
526 _aP120
526 _aP119
526 _aP118
526 _aP116
526 _aP115
526 _aP114
526 _aP110
526 _aP109
526 _aP108
526 _aP104
526 _aP103
526 _aP102
526 _aP99
526 _aP98
526 _aP97
526 _aP96
526 _aP95
526 _aP93
526 _aP90
526 _aP89
526 _aP88
526 _aP83
526 _aP82
526 _aP62
526 _aP59
526 _aP58
526 _aP57
526 _aP51
526 _aP49
526 _aP48
526 _aP47
526 _aP29
526 _aP24
526 _aP20
526 _aP19
526 _aP17
526 _aP15
526 _aP14
526 _aP12
526 _aP10
526 _aP09
526 _aP08
526 _aP07
526 _aP06
526 _aP05
526 _aP04
526 _aP01
541 _g100-0176228;
541 _g015-0018095;
650 0 4 _aCurrículum.
650 0 4 _aEvaluación curricular
_vGuías.
650 0 4 _aEducación superior
_xCurrículo.
650 0 4 _aInserción Laboral.
910 _agl
_cng
_d20090820
942 _2ddc
_cBOOK
949 _a378.199 A47
_wDEWEY
_c1
_i60034
_lCCODEBUL1
_mBUL
_p24.00
_r0
_sY
_tBOOK
_u2015-7-6
_xFCE
_PP04
_o.STAFF. Colección General
994 _aC0
_bPEPRU
596 _a1 2
999 _a378.199 A47
_wDEWEY
_c49545
_i60034
_f2021-11-8
_g6
_lCCODEBUL1
_mBUL
_p24.00
_r0
_sN
_tBOOK
_u2015-7-6
_xEDUCACION
_PP04
_o.STAFF. Colección General
_d49545
999 _a378.199 A47
_wDEWEY
_c1
_iFT03035
_f2019-2-20
_g1
_lCCODEBUT1
_mBUT
_p21.56
_r0
_sY
_tBOOK
_u2015-10-19
_xFCE
_zAG
_0COMPRA
_o.STAFF. Colección General
980 _81
_gALBERTO SANCHEZ Responsable de Automatización